[Event "UltimateFighting"]
[Site "http://www.queenalice.com/game.php?id=748425"]
[Date "2010.3.19"]
[Round "1"]
[White "mikeddd013"]
[Black "Arthur0007"]
[Result "0-1"]
[WhiteElo "1493"]
[BlackElo "2025"]

1. e4 e5 2. Bc4 Nf6 3. d3 d5 4. exd5 Nxd5 5. Qf3 Be6 6. Nd2 c6 7. Ne4 Be7 8. Qg3
Bf6 9. Nf3 Nd7 10. Nxf6+ N7xf6 11. Qxg7 Rg8 12. Qh6 Rg6 13. Qh4 Rg4 14. Qh6 Ng8
15. Qxh7 Ndf6 16. Qh3 Rxc4 17. Qh8 Rxc2 18. Nxe5 Qd4 19. Kd1 Qxf2 20. Re1 O-O-O
21. Qg7 Bg4+ 0-1

[Event "UltimateFighting"]
[Site "http://www.queenalice.com/game.php?id=776025"]
[Date "2010.5.15"]
[Round "2"]
[White "portinari"]
[Black "mikeddd013"]
[Result "1-0"]
[WhiteElo "1570"]
[BlackElo "1534"]

1. e4 e5 2. Nf3 d6 3. d4 exd4 4. Nxd4 Qe7 5. Nc3 Nf6 6. f3 d5 7. Bg5 Qb4 8. Bxf6
Qxb2 9. Ndb5 Bd6 10. Bxg7 Rg8 11. Rb1 Qxb5 12. Bxb5+ c6 13. Qd4 cxb5 14. Nxb5
Nc6 15. Nxd6+ Kd7 16. Qxd5 Rxg7 17. Nxb7+ Ke8 18. Qxc6+ Bd7 19. Nd6+ Ke7 20.
Nf5+ Bxf5 21. Rb7+ Bd7 22. Rxd7+ 1-0

[Event "AUTO-INT-1585"]
[Site "http://www.queenalice.com/game.php?id=777307"]
[Date "2010.5.18"]
[Round "2"]
[White "raven225"]
[Black "mikeddd013"]
[Result "0-1"]
[WhiteElo "1704"]
[BlackElo "1519"]

1. e4 e5 2. Nf3 d6 3. d4 exd4 4. Qxd4 Nc6 5. Qd1 Nf6 6. Nc3 Bg4 7. Be2 Nxe4 8.
Nxe4 d5 9. Ng3 d4 10. O-O Bd6 11. Nxd4 Bxg3 12. hxg3 Nxd4 13. Bxg4 O-O 14. c3
Nc6 15. Bf4 Re8 0-1

[Event "AUTO-INT-1585"]
[Site "http://www.queenalice.com/game.php?id=777308"]
[Date "2010.5.18"]
[Round "2"]
[White "mikeddd013"]
[Black "raven225"]
[Result "1-0"]
[WhiteElo "1542"]
[BlackElo "1681"]

1. e4 c5 2. d3 Nc6 3. Qh5 Nf6 4. Qf3 d6 5. Nc3 e6 6. Bg5 Be7 7. Nh3 h6 8. Bxf6
Bxf6 9. Na4 b5 10. Nc3 Bb7 11. Nxb5 Qa5+ 12. Nc3 Nd4 13. Qd1 Nb5 14. Qd2 Nxc3
15. bxc3 O-O 16. Rb1 1-0

[Event "Challenge"]
[Site "http://www.queenalice.com/game.php?id=777900"]
[Date "2010.5.19"]
[Round "-"]
[White "mikeddd013"]
[Black "Diogolopes"]
[Result "1-0"]
[WhiteElo "1564"]
[BlackElo "992"]

1. e4 Nf6 2. d3 d5 3. Nc3 dxe4 4. dxe4 Qxd1+ 5. Kxd1 Nbd7 6. Bb5 c6 7. Bc4 b5 8.
Bg5 bxc4 9. Nf3 Ng4 10. Rf1 a5 11. h3 f6 12. hxg4 fxg5 13. Nxg5 Ne5 14. f3 h6
15. Rh1 hxg5 16. Rxh8 Be6 17. Ke2 Rb8 18. b3 Kf7 19. Na4 g6 20. Nc5 Re8 21. Rh7+
Kf6 22. Nb7 Ra8 23. Nc5 c3 24. Na4 Rc8 25. Nxc3 c5 26. Nb5 Nc6 27. c3 Rb8 28.
Nc7 Bc8 29. Nd5+ Ke5 30. Rf1 e6 31. f4+ gxf4 32. Nxf4 Ba6+ 33. Nd3+ Kxe4 34.
Rf4+ Kd5 35. Rd7+ Bd6 36. c4+ Bxc4 37. bxc4# 1-0

[Event "Challenge"]
[Site "http://www.queenalice.com/game.php?id=795018"]
[Date "2010.6.26"]
[Round "-"]
[White "JackieR"]
[Black "mikeddd013"]
[Result "1-0"]
[WhiteElo "1680"]
[BlackElo "1566"]

1. e4 e5 2. Nc3 d6 3. Bc4 Be6 4. Bxe6 fxe6 5. d3 d5 6. exd5 exd5 7. Qh5+ g6 8.
Qxe5+ Qe7 9. Qxe7+ Bxe7 10. Nxd5 Bb4+ 11. Nxb4 Nc6 12. Nxc6 bxc6 13. Bg5 h6 14.
Bf4 Rc8 15. O-O-O Ne7 16. Re1 g5 17. Be5 Rf8 18. f3 c5 19. h3 c6 20. Ne2 Rf5 21.
Bh2 a5 22. Nc3 Rb8 23. Bxb8 1-0

[Event "AUTO-INT-1585"]
[Site "http://www.queenalice.com/game.php?id=810156"]
[Date "2010.7.28"]
[Round "3"]
[White "alainbouley"]
[Black "mikeddd013"]
[Result "1-0"]
[WhiteElo "2063"]
[BlackElo "1597"]

1. e4 e5 2. Nf3 Qe7 3. Bc4 Nf6 4. d3 d6 5. Bg5 Bg4 6. h3 Bxf3 7. Qxf3 h6 8. Bxf6
gxf6 9. Nc3 h5 10. Nd5 Qd8 11. Nxf6+ Ke7 12. Nxh5 Bh6 13. Qxf7# 1-0

[Event "AUTO-INT-1585"]
[Site "http://www.queenalice.com/game.php?id=810157"]
[Date "2010.7.28"]
[Round "3"]
[White "mikeddd013"]
[Black "alainbouley"]
[Result "0-1"]
[WhiteElo "1597"]
[BlackElo "2137"]

1. e4 e5 2. Nf3 Nc6 3. Bc4 f5 4. Bxg8 Rxg8 5. exf5 d5 6. Qe2 Bd6 7. Nxe5 Nxe5 8.
f4 Qe7 9. fxe5 Qxe5 10. Rf1 Qxe2+ 11. Kxe2 Rf8 12. g4 Bd7 13. d3 O-O-O 14. h3 h5
15. Be3 hxg4 16. hxg4 Rde8 17. Kd2 c5 18. Nc3 d4 19. Nd5 dxe3+ 20. Nxe3 Bc6 21.
g5 Be7 22. g6 Bg5 23. Rae1 Kc7 24. Rg1 Rxf5 25. b3 Bxe3+ 26. Rxe3 Rf2+ 27. Ke1
Rxe3+ 28. Kxf2 Rf3+ 29. Ke2 Rf6 30. a4 Be8 31. Rg5 Kd6 32. Ke3 Rxg6 33. Kf4 Rxg5
34. Kxg5 Ke5 35. c3 Bd7 36. Kg6 Bf5+ 37. Kxg7 Bxd3 38. Kf7 Bc2 39. b4 cxb4 40.
cxb4 Bxa4 41. Ke7 Kd5 42. Kd8 Kc4 43. Kc8 Bc6 44. Kb8 a6 45. Ka7 Kxb4 46. Kb6 a5
0-1

[Event "UltimateFighting"]
[Site "http://www.queenalice.com/game.php?id=854242"]
[Date "2010.11.3"]
[Round "4"]
[White "pride"]
[Black "mikeddd013"]
[Result "0-1"]
[WhiteElo "1385"]
[BlackElo "1595"]

1. e4 e5 2. Nf3 Bb4 3. c3 Bc5 4. Nxe5 Qf6 5. f4 Qxf4 6. d4 Qh4+ 7. g3 Qxe4+ 8.
Qe2 Qxh1 9. Ng4+ Be7 10. Nf2 Qxh2 11. Nd2 Qxg3 12. Ne4 Qh4 13. a4 Nc6 14. Ra3 d5
15. c4 dxe4 16. d5 Nd4 17. Qxe4 Qxe4+ 18. Nxe4 Nf6 19. d6 cxd6 20. a5 Nxe4 21.
Bd3 Bh4+ 22. Kf1 Nf6 23. b4 Bh3+ 24. Kg1 Nf3+ 25. Kh1 Ng4 26. Be4 Nf2# 0-1

[Event "Challenge"]
[Site "http://www.queenalice.com/game.php?id=916548"]
[Date "2011.3.23"]
[Round "-"]
[White "LOTRfanatic"]
[Black "mikeddd013"]
[Result "0-1"]
[WhiteElo "1083"]
[BlackElo "1619"]

1. e4 d5 2. exd5 Qxd5 3. c4 Qe4+ 4. Ne2 Bg4 5. f3 Bxf3 6. gxf3 Qxf3 7. Nbc3 Qxh1
8. Ng3 Qxh2 9. Qf3 e5 10. Qxb7 Qxg3+ 11. Kd1 Qg4+ 12. Be2 Qg1+ 13. Kc2 Ne7 14.
Qxa8 Nc6 15. Nd5 Nd4+ 16. Kd3 Qg3+ 17. Ke4 f5# 0-1

[Event "AUTO-OPEN-2309"]
[Site "http://www.queenalice.com/game.php?id=916920"]
[Date "2011.3.24"]
[Round "1"]
[White "favazza2007"]
[Black "mikeddd013"]
[Result "1-0"]
[WhiteElo "1812"]
[BlackElo "1624"]

1. b3 e6 2. Bb2 d5 3. Nf3 Bc5 4. Bxg7 Nh6 5. Bxh8 Ng4 6. e3 Ke7 7. Bd4 Bxd4 8.
Nxd4 e5 9. Nb5 a6 10. N5c3 Ke8 11. Be2 Qh4 12. g3 Qh3 13. Nxd5 Kd8 14. Bf1 Qh6
15. h3 c6 16. Nb6 Ra7 17. Nxc8 Kxc8 18. Qxg4+ Kc7 19. Nc3 Ra8 20. Bc4 f6 21. Qg8
b5 22. Qf7+ Nd7 23. Be6 Rd8 24. Bxd7 Rxd7 25. Qe6 Qf8 26. Ne4 f5 27. Qxe5+ Kd8
28. Qf6+ Qxf6 29. Nxf6 Rf7 30. Nh5 h6 31. Nf4 Ke7 32. O-O Kd7 33. d4 Kd6 34.
Rfd1 Kc7 35. c4 b4 36. d5 c5 37. Ne6+ Kd7 38. Nxc5+ 1-0

[Event "AUTO-OPEN-2309"]
[Site "http://www.queenalice.com/game.php?id=916921"]
[Date "2011.3.24"]
[Round "1"]
[White "mikeddd013"]
[Black "favazza2007"]
[Result "0-1"]
[WhiteElo "1616"]
[BlackElo "1820"]

1. e4 e5 2. d4 exd4 3. Qxd4 Nc6 4. Qd5 Nf6 5. Qd3 Qe7 6. Nc3 d6 7. Qf3 Bg4 8.
Qf4 Nd4 9. Bd3 Qe5 10. Qxe5+ dxe5 11. f3 Be6 12. Be3 Bb4 13. a3 Bc5 14. Nb5
O-O-O 15. c3 Nc2+ 16. Bxc2 Bxe3 17. Ne2 Bc4 18. Ba4 a6 19. b3 Bd2+ 20. Kf2 Bxe2
21. Kxe2 axb5 22. Bxb5 Bxc3 23. Rac1 Bb2 24. Rc2 Bd4 25. Rd1 c6 26. Ba4 Ba7 27.
g4 Rxd1 28. Kxd1 Rd8+ 29. Ke2 Kb8 30. g5 Nh5 31. b4 Nf4+ 32. Ke1 Ne6 33. h4 Nd4
34. Rd2 Nxf3+ 35. Ke2 Nxd2 36. Bc2 Nc4 37. a4 Rd2+ 38. Ke1 Rxc2 39. Kd1 Ra2 40.
a5 Be3 41. Ke1 Nd6 0-1

[Event "AUTO-OPEN-2309"]
[Site "http://www.queenalice.com/game.php?id=916950"]
[Date "2011.3.24"]
[Round "1"]
[White "mikeddd013"]
[Black "tranquilli_calmo"]
[Result "0-1"]
[WhiteElo "1625"]
[BlackElo "2119"]

1. e4 c5 2. d4 cxd4 3. Qxd4 Nc6 4. Qc3 e6 5. Nh3 Bb4 6. Qxb4 Nxb4 7. Na3 Qc7 8.
Bf4 e5 9. c3 exf4 10. cxb4 Qe5 11. O-O-O Nf6 12. f3 d5 13. exd5 Bxh3 14. gxh3
Rc8+ 15. Bc4 O-O 16. Rhe1 Qd6 17. b5 Qb4 18. h4 Rxc4+ 19. Nc2 Rfc8 20. Kb1 Rxc2
21. h3 Qxb2# 0-1

[Event "AUTO-OPEN-2309"]
[Site "http://www.queenalice.com/game.php?id=916951"]
[Date "2011.3.24"]
[Round "1"]
[White "tranquilli_calmo"]
[Black "mikeddd013"]
[Result "1-0"]
[WhiteElo "2059"]
[BlackElo "1623"]

1. d4 e6 2. c4 d5 3. Nc3 dxc4 4. e4 b5 5. a4 b4 6. Nb1 Ba6 7. Nf3 Qf6 8. Nbd2
Qf4 9. g3 Qf6 10. Bxc4 Nh6 11. Qe2 Bxc4 12. Qxc4 Bd6 13. e5 Bxe5 14. dxe5 Qe7
15. O-O Nf5 16. Ne4 O-O 17. Bg5 f6 18. exf6 gxf6 19. Bd2 Nd6 20. Nxd6 Qxd6 21.
Bxb4 Qc6 22. Qg4+ Kf7 23. Ng5+ Kg7 24. Nxe6+ Kf7 25. Rfe1 Rg8 26. Qh5+ Rg6 27.
Qxh7+ 1-0

[Event "AUTO-OPEN-2309"]
[Site "http://www.queenalice.com/game.php?id=916952"]
[Date "2011.3.24"]
[Round "1"]
[White "mikeddd013"]
[Black "RobinhoMed"]
[Result "1-0"]
[WhiteElo "1623"]
[BlackElo "1228"]

1. e4 e5 2. d4 d6 3. Bc4 f6 4. Bxg8 Rxg8 5. Qh5+ g6 6. Qxh7 Rg7 7. Qh8 c5 8. Bh6
Qa5+ 9. c3 Rf7 10. dxe5 fxe5 11. Na3 Qa6 12. Rd1 Bg4 13. f3 Be6 14. h4 Bxa2 15.
Rh3 Bb3 16. Rd2 Nc6 17. Rxd6 Rd8 18. Rxd8+ Nxd8 19. Bxf8 Rxf8 20. Qxe5+ Ne6 21.
h5 Kf7 22. h6 Rh8 23. Qxh8 Qd3 24. h7 Ng5 25. Qg8+ Kf6 26. h8=Q+ Ke7 27. Qgg7+
Bf7 28. Qf6+ Kd7 29. Qhd8# 1-0

[Event "AUTO-OPEN-2309"]
[Site "http://www.queenalice.com/game.php?id=916953"]
[Date "2011.3.24"]
[Round "1"]
[White "RobinhoMed"]
[Black "mikeddd013"]
[Result "0-1"]
[WhiteElo "1293"]
[BlackElo "1621"]

1. e3 e5 2. g3 d5 3. h4 Bb4 4. c3 Bc5 5. b4 Bd6 6. a3 d4 7. exd4 exd4 8. Qe2+
Qe7 9. Qxe7+ Nxe7 10. Ne2 d3 11. Nd4 Bf5 12. Bh3 Be4 13. O-O Be5 14. Nb3 h5 15.
Nc5 Bf3 16. Re1 Nbc6 17. Nxd3 Ng6 18. a4 Rd8 19. Nc5 b6 20. Na6 Rd5 21. Na3 Nce7
22. Nc4 f6 23. Bb2 O-O 24. d4 Bd6 25. Ne3 f5 26. Nb8 Rxb8 27. Bg2 f4 28. Nxd5
Bxd5 29. Bxd5+ Nxd5 30. Re6 Nde7 31. Rae1 fxg3 32. fxg3 Kf7 33. Bc1 Bxg3 34.
R1e2 Bxh4 35. R2e3 Re8 36. a5 Bg5 37. Re1 Bxc1 38. R6e2 Bf4 39. Rf2 b5 40. Rfe2
Bg3 41. Rf1+ Nf4 42. Re5 Ng6 43. Rf5+ Ke6 44. Re5+ Nxe5 45. dxe5 Kf5 46. Rd1
Rxe5 47. Rd7 Re1# 0-1